Chansons les plus streamées : Lara Fabian - Statistiques

Statistiques générales
  • Ce quiz a été pris 149 fois
  • Le résultat moyen est 5 sur 10
Statistiques - réponses
Nb de streams Chanson % Correct
46 500 000 Je T'aime
98%
13 000 000 Tout
75%
21 500 000 Tu Es Mon Autre (avec Maurane)
69%
8 500 000 J'y Crois Encore
61%
18 000 000 Adagio
56%
31 500 000 Je Suis Malade
54%
21 000 000 I Will Love Again
31%
14 500 000 Broken Vow
18%
12 000 000 Caruso
18%
21 000 000 Love by Grace
16%
Aucun quiz correspondant
Distribution des résultats
% des personnes avec chaque résultat
Percentile par nombre de réponses
Votre historique - résultats
Vous n’avez pas pris ce quiz